000 00641nam a2200193 i 4500
001 146213
003 ES-MaACL
005 20230906201443.0
007 t|
008 070905s1936 sp ||||1| spa d
080 _a616(021)
245 0 0 _aTratado de patologia médica /
_cpor G. von Bergmann...[et al.] ; traducción de la segunda edición alemana por Lorenzo Gironés.
260 _aBarcelona :
_bLabor,
_c1936 (
_fTall. graf. Ibero-Americanos)
300 _a2 v. :
_bil. ;
_c25 cm.
650 0 4 _aPatología.
_915884
700 1 _aGironés, Lorenzo.
_957303
700 0 _aBergmann, Gustav von.
_927997
852 _aES-MaACL
_jE-1027-28
999 _c146213
_d146213